000 01456cam a22003737a 4500
003 CHAP
005 20221007132425.0
008 010308d2000 mx b r 00110 spa d
010 _a83733
011 _a84705
035 _a95231
040 _cCHAP
090 _aTesis
100 0 0 _aAbsalón Montes, María del Carmen Cristina.
_9331
245 1 0 _aPraxis femenina y estrategias de vida en Santa Fé de la Laguna, Michoacán. Los casos de Satzape, Uarhi y El niño de Santa Fé
_c/por María del Carmen Cristina Absalón Montes
260 _aChapingo, Méx. :
_bEl autor,
_c2000.
300 _a217 h. :
_bmapas
502 _aTesis (M.C. en Desarrollo Rural Regional) -- UACH. Centro Regional Universitario Centro Ocidente
590 _aALEPH
_b10
_c20130110
590 _aBATCH-UPD
_b10
_c20130110
590 _aBATCH-UPD
_b10
_c20130410
590 _aBATCH-UPD
_b10
_c20130913
590 _aCONVERSION
_b10
_c20130109
650 1 4 _aDesarrollo de la comunidad rural
_xMichoacán.
_932015
650 1 4 _aIndios de Michoacán.
_957618
650 1 4 _aMujer en comunidades rurales
_xMichoacán.
_979375
650 1 4 _aTrabajo de la mujer
_zMichoacán.
_9114497
856 _uhttp://10.13.5.2/tesis/ABSALÓN MONTES MARÍA DEL CARMEN CRISTINA.pdf
_yDESCARGAR PDF
901 _aBK
905 _aMayto Villalobos S.
942 _cFOLL
_2ddc
949 _bBC
_cTES
_d33724000817094
_eTS2
_fc.2
_h37992
_i95231
_si
949 _bBC
_cTES
_d952311
_eTS1
_h37990
_i95231
_sb
999 _c83733
_d83733